| 000 | 00704cam a22002531 4500 | ||
|---|---|---|---|
| 001 | sa 67003117 | ||
| 003 | DLC | ||
| 005 | 20260227112335.0 | ||
| 008 | 861218s1966 ii 000 0 eng | ||
| 010 | _asa 67003117 | ||
| 025 | _aPL480:I-E-7756 | ||
| 035 | _a(OCoLC)14990894 | ||
| 040 |
_aDLC _cWaU _dDLC |
||
| 042 | _apremarc | ||
| 043 | _aa-ii--- | ||
| 050 | 0 | 0 |
_aKNS3380 _b.S26 1966 |
| 082 | _a355.1/33/0954 | ||
| 100 | 1 | _aSanandan, K. C. | |
| 245 | 1 | 0 |
_aMilitary law in practice _c[by] K. C. Sanandan. |
| 260 |
_aBombay, _aNew York, _bAllied Publishers _c[1966] |
||
| 300 |
_a151 p. _c23 cm. |
||
| 650 | 0 |
_aMilitary offenses _zIndia. |
|
| 650 | 0 |
_aCourts-martial and courts of inquiry _zIndia. |
|
| 999 |
_c73635 _d73635 |
||